| 000 | 00639 a2200169 4500 | ||
|---|---|---|---|
| 003 | Nust | ||
| 005 | 20230131131814.0 | ||
| 040 | _cNust | ||
| 082 | _a808.83,NIC | ||
| 100 |
_aNichols, Beverley _917923 |
||
| 245 |
_aMen Do Not Weep / _cBeverley Nichols, |
||
| 260 |
_aLondon _bJonathan Cape _c1941 |
||
| 300 | _a287 p | ||
| 505 | _aMen do Not Weep (Page-43), The Flight That Failed (Page-89), A modern Rosary (Page-113), Sea Change (Page-137), Snake in the Grass (Page-165), The Miracle (Page-197), Faith (Page-215), The Wishing Well (Page-243), The Man Man Escaped (Page-275). | ||
| 650 |
_aNovel _92525 |
||
| 942 |
_2ddc _cBK _k808.83,NIC |
||
| 999 |
_c191006 _d191006 |
||